000 00815nam a2200217 i 4500
001 71872
003 ES-MaACL
005 20240501063037.0
007 t|
008 040819s1944 ag ||||1| spa d
100 1 _aGide, André,
_d1869-1951
_956674
245 1 0 _aReportajes imaginarios
_b: la liberación de Túnez : páginas de diario, Mayo 1943 /
_cAndré Gide ; [versión directa de Margarita Abella Caprile y Marta Acosta von Praet].
260 _aBuenos Aires :
_bEmecé,
_c[1944] (
_fJ. Hays Bell)
300 _a201 p. ;
_c19 cm.
490 1 _aGrandes ensayistas ;
_v9
700 1 _aAbella Caprile, Margarita,
_d1901-1960
_918051
700 1 _aAcosta van Praet, Marta.
_918322
830 0 _aGrandes ensayistas ;
_v9
_9181376
852 _aES-MaACL
_jE-950
_bR.28681
999 _c71872
_d71872